| 000 | 00345nam a22001337a 4500 | ||
|---|---|---|---|
| 020 | _aNA | ||
| 082 |
_222 _a338.5 |
||
| 100 | _aBrowing Edgrak Browing Jacquelene M. | ||
| 245 | _aMicro economic theory and applications / | ||
| 250 | _a4th | ||
| 260 |
_aHarper and Row, _bHarper and Row, _cc1992 |
||
| 300 |
_a719 p, ; _bNA _c24cm. |
||
| 942 |
_2ddc _cGEN |
||
| 999 |
_c1726 _d1726 |
||